000 00649nam a2200229Ia 4500
999 _c19517
_d19517
003 0100
005 20171107084315.0
008 130303s9999 xx 000 0 und d
020 _a1565180062
040 _cARRUPELIB
050 _aB5619.U33F68 1992
245 4 _aThe Foundations of social life
245 _bUgandan philosophical studies
260 _aWashington, D.C.
260 _bThe Council for Research in Values and Philosophy
300 _a124p.
300 _b 23 cm.
440 _aCultural heritage and contemporary change series II. Africa, vol.2
_937377
650 _aPhilosophy, African
_xCongresses
_932299
700 _aDalfovo, A.T. ...(et al.) (ed)
_937378
942 0 0 _03
_2lcc
_cMONOGRAPH